000 00426nam a2200193Ia 4500
003 0100
008 130227s9999 xx 000 0 und d
040 _cARRUPELIB
050 _aBL2400.T85
100 _aTurner, Harold W.
245 _aReligious innovation in Africa
260 _aBoston
260 _bG.K. Hall
260 _C1979
300 _ax
300 _b 354p. 25cm.
650 _bAccounting
942 _2lcc
_01
999 _c5504
_d5504